<?xml version="1.0" encoding="UTF-8"?>
<record
    xmlns:xsi="http://www.w3.org/2001/XMLSchema-instance"
    xsi:schemaLocation="http://www.loc.gov/MARC21/slim http://www.loc.gov/standards/marcxml/schema/MARC21slim.xsd"
    xmlns="http://www.loc.gov/MARC21/slim">

  <leader>00842cam a2200241ua 4500</leader>
  <controlfield tag="001">25020</controlfield>
  <controlfield tag="008">191105n        II  |||gr||||Z||||||asm</controlfield>
  <datafield tag="082" ind1=" " ind2=" ">
    <subfield code="a">306</subfield>
  </datafield>
  <datafield tag="245" ind1=" " ind2=" ">
    <subfield code="a">ALOW GUTI TALOW GUTI : ASOMOR KHEL DHEMALIR GEET - MAT</subfield>
    <subfield code="h">Textual Documents</subfield>
  </datafield>
  <datafield tag="250" ind1=" " ind2=" ">
    <subfield code="a">1ST.</subfield>
  </datafield>
  <datafield tag="260" ind1=" " ind2=" ">
    <subfield code="a">GUWAHATI:</subfield>
    <subfield code="b">OLIMPIA PRAKASHAN,</subfield>
    <subfield code="c">2016.</subfield>
  </datafield>
  <datafield tag="300" ind1=" " ind2=" ">
    <subfield code="a">367:</subfield>
    <subfield code="c">20CM.</subfield>
  </datafield>
  <datafield tag="500" ind1=" " ind2=" ">
    <subfield code="a">GUWAHATI BOOK FAIR, 2017</subfield>
  </datafield>
  <datafield tag="653" ind1=" " ind2=" ">
    <subfield code="a">Culture &amp; institutions</subfield>
  </datafield>
  <datafield tag="700" ind1=" " ind2=" ">
    <subfield code="a">HAI, CHAM,</subfield>
    <subfield code="e">EDITOR.</subfield>
  </datafield>
  <datafield tag="700" ind1=" " ind2=" ">
    <subfield code="a">KALITA, DR. U.R.,</subfield>
    <subfield code="e">EDITOR.</subfield>
  </datafield>
  <datafield tag="700" ind1=" " ind2=" ">
    <subfield code="a">DR. D.N.,  </subfield>
    <subfield code="e">EDITOR.</subfield>
  </datafield>
  <datafield tag="999" ind1=" " ind2=" ">
    <subfield code="c">28267</subfield>
    <subfield code="d">28267</subfield>
  </datafield>
  <datafield tag="952" ind1=" " ind2=" ">
    <subfield code="0">0</subfield>
    <subfield code="1">0</subfield>
    <subfield code="2">ddc</subfield>
    <subfield code="4">0</subfield>
    <subfield code="7">0</subfield>
    <subfield code="8">REFASM</subfield>
    <subfield code="a">MAIN</subfield>
    <subfield code="b">MAIN</subfield>
    <subfield code="c">ASCUL</subfield>
    <subfield code="d">2018-01-08</subfield>
    <subfield code="e">OLIMPIA PRAKASHAN GHY</subfield>
    <subfield code="g">350.00</subfield>
    <subfield code="o">306 ALO</subfield>
    <subfield code="p">42922</subfield>
    <subfield code="r">2022-08-05 00:00:00</subfield>
    <subfield code="w">2022-08-05</subfield>
    <subfield code="y">BK</subfield>
  </datafield>
  <datafield tag="952" ind1=" " ind2=" ">
    <subfield code="0">0</subfield>
    <subfield code="1">0</subfield>
    <subfield code="2">ddc</subfield>
    <subfield code="4">0</subfield>
    <subfield code="7">0</subfield>
    <subfield code="8">REFASM</subfield>
    <subfield code="a">MAIN</subfield>
    <subfield code="b">MAIN</subfield>
    <subfield code="c">ASCUL</subfield>
    <subfield code="d">2018-01-08</subfield>
    <subfield code="e">OLIMPIA PRAKASHAN GHY</subfield>
    <subfield code="g">350.00</subfield>
    <subfield code="o">306 ALO</subfield>
    <subfield code="p">42923</subfield>
    <subfield code="r">2022-08-05 00:00:00</subfield>
    <subfield code="w">2022-08-05</subfield>
    <subfield code="y">BK</subfield>
  </datafield>
  <datafield tag="952" ind1=" " ind2=" ">
    <subfield code="0">0</subfield>
    <subfield code="1">0</subfield>
    <subfield code="2">ddc</subfield>
    <subfield code="4">0</subfield>
    <subfield code="7">0</subfield>
    <subfield code="8">REFASM</subfield>
    <subfield code="a">MAIN</subfield>
    <subfield code="b">MAIN</subfield>
    <subfield code="c">ASCUL</subfield>
    <subfield code="d">2018-01-08</subfield>
    <subfield code="e">OLIMPIA PRAKASHAN GHY</subfield>
    <subfield code="g">350.00</subfield>
    <subfield code="o">306 ALO</subfield>
    <subfield code="p">42924</subfield>
    <subfield code="r">2022-08-05 00:00:00</subfield>
    <subfield code="w">2022-08-05</subfield>
    <subfield code="y">BK</subfield>
  </datafield>
  <datafield tag="952" ind1=" " ind2=" ">
    <subfield code="0">0</subfield>
    <subfield code="1">0</subfield>
    <subfield code="2">ddc</subfield>
    <subfield code="4">0</subfield>
    <subfield code="7">0</subfield>
    <subfield code="8">REFASM</subfield>
    <subfield code="a">MAIN</subfield>
    <subfield code="b">MAIN</subfield>
    <subfield code="c">ASCUL</subfield>
    <subfield code="d">2018-01-08</subfield>
    <subfield code="e">OLIMPIA PRAKASHAN GHY</subfield>
    <subfield code="g">350.00</subfield>
    <subfield code="o">306 ALO</subfield>
    <subfield code="p">42925</subfield>
    <subfield code="r">2022-08-05 00:00:00</subfield>
    <subfield code="w">2022-08-05</subfield>
    <subfield code="y">BK</subfield>
  </datafield>
  <datafield tag="952" ind1=" " ind2=" ">
    <subfield code="0">0</subfield>
    <subfield code="1">0</subfield>
    <subfield code="2">ddc</subfield>
    <subfield code="4">0</subfield>
    <subfield code="7">0</subfield>
    <subfield code="8">REFASM</subfield>
    <subfield code="a">MAIN</subfield>
    <subfield code="b">MAIN</subfield>
    <subfield code="c">ASCUL</subfield>
    <subfield code="d">2018-01-08</subfield>
    <subfield code="e">OLIMPIA PRAKASHAN GHY</subfield>
    <subfield code="g">350.00</subfield>
    <subfield code="o">306 ALO</subfield>
    <subfield code="p">42926</subfield>
    <subfield code="r">2022-08-05 00:00:00</subfield>
    <subfield code="w">2022-08-05</subfield>
    <subfield code="y">BK</subfield>
  </datafield>
</record>
